| 000 | 01197cam a2200289 4500 | ||
|---|---|---|---|
| 001 | ABS63401 | ||
| 008 | 000000n2001 000 0 eng u | ||
| 035 | _a(Sirsi) u110671 | ||
| 100 | _aCoffer, A. | ||
| 245 | _aSo hot that it could get cold | ||
| 260 | _c2001 | ||
| 490 |
_aEstates Gazette _v(0103) 20 January 2001, 55-57(3) |
||
| 520 | _aWarns that, although last year's take-up of office space was double the 1980s record and the supply of available space fell by 40%, the fact that few prime speculative developments have been launched is lifting rents to a level that cannot be sustained. This could lead to a downturn in agents' fee income. Also considers the knock-on effect on rents on the fringes of the City and West End. | ||
| 590 | _aABS | ||
| 650 | _aCENTRAL LONDON | ||
| 650 | _aCITY | ||
| 650 | _aCOMMERCIAL AGENTS | ||
| 650 | _aFEE INCOME | ||
| 650 | _aPROPERTY-COMMERCIAL PROPERTY-OFFICE PROPERTY-OFFICE PROPERTY MARKET | ||
| 650 | _aPRIME OFFICE RENTS | ||
| 650 | _aPRIME OFFICES | ||
| 650 | _aSUPPLY AND DEMAND | ||
| 650 | _aWEST END OF LONDON | ||
| 690 | _aPROPERTY-COMMERCIAL PROPERTY-COMMERCIAL PROPERTY MARKET | ||
| 700 | _aGibson, R. | ||
| 942 | _n0 | ||
| 999 |
_c65948 _d65948 |
||